|
|
|
|
| LEADER |
00000nab a2200000 a 4500 |
| 001 |
vtls010703756 |
| 003 |
SK-MaSNL |
| 005 |
20260304195029.0 |
| 008 |
250709s1963 xo |||||||||||||||||slo| |
| 035 |
|
|
|a (urnnbn)urn:nbn:sk:snk:ar-a03wjf
|
| 035 |
|
|
|a (uuid)ec5d83a9-68ab-4074-a959-0877ba5eb711
|
| 035 |
|
|
|a urn:nbn:sk:snk-ab38ox
|
| 040 |
|
|
|a SNKBUCL
|b slo
|c SNKBUCL
|e AACR2
|
| 041 |
0 |
|
|a slo
|
| 044 |
|
|
|a xo
|c SK
|
| 100 |
1 |
|
|a Bína, J.
|4 aut
|9 1150189
|
| 245 |
1 |
0 |
|a LEPIVÉ ELEKTROIZOLAČNÉ PÁSKY ZO SILIKÓNOVÉHO KAUČUKU
|c J. Bína, J. Kluvánek, M. Fajfr, J. Šedovič
|
| 700 |
1 |
|
|a Kluvánek, J.
|4 aut
|9 1529605
|
| 700 |
1 |
|
|a Fajfr, M.
|4 aut
|9 1152334
|
| 700 |
1 |
|
|a Šedovič, J.
|4 aut
|9 1152309
|
| 773 |
0 |
|
|t Bulletin VÚKI
|g Roč. 16, č. 5 (1963), s. 235-241
|
| 850 |
|
|
|a Slovenská národná knižnica
|
| 852 |
|
|
|a Slovenská národná knižnica
|
| 958 |
|
|
|a article1
|
| 958 |
|
|
|a OND
|
| 999 |
|
|
|c 3078635
|d 3080565
|